000 00694nam a2200289Ia 4500
005 20260324121223.0
008 008 260324s9999 xx 000 0 eng d
020 _a9781315776408
037 _aEBOOK
040 _aCRL
040 _beng
040 _cCRL
041 _2eng
041 _aeng
084 _qCRL
100 _aCheryl Hunter; Donna Pearson
_91161668
245 0 _aInterculturalization and Teacher Education
245 0 _bTheory to Practice
260 _bTaylor and Francis
260 _c2014
365 _a
365 _b265
856 _uhttp://www.taylorfrancis.com/books/9781315776408
942 _cEBOOK
999 _c1753628
_d1753628